000 01650nam a2200373 a 4500
001 ebr10492823
003 CaPaEBR
006 m u
007 cr cn|||||||||
008 081209s2009 nju sb 001 0 eng d
010 _z 2008051647
020 _z9781573873628
020 _z9781573879026 (e-book)
040 _aCaPaEBR
_cCaPaEBR
035 _a(OCoLC)755614968
043 _an-us---
050 1 4 _aZ718
_b.S68 2009eb
082 0 4 _a021.2/4
_222
100 1 _aSquires, Tasha,
_d1972-
245 1 0 _aLibrary partnerships
_h[electronic resource] :
_bmaking connections between school and public libraries /
_cTasha Squires.
260 _aMedford, N.J. :
_bInformation Today,
_cc2009.
300 _axix, 203 p.
504 _aIncludes bibliographical references and index.
505 0 _aRelationships take work -- Partnership basics -- Changing seasons -- After-school blues -- From basic to bravo! -- Using technology to partner -- Resource sharing -- Visits -- Garnering support -- Keeping it going.
533 _aElectronic reproduction.
_bPalo Alto, Calif. :
_cebrary,
_d2011.
_nAvailable via World Wide Web.
_nAccess may be limited to ebrary affiliated libraries.
650 0 _aLibraries and schools
_zUnited States.
650 0 _aLibraries and students
_zUnited States.
650 0 _aLibrary cooperation
_zUnited States.
650 0 _aPublic libraries
_zUnited States.
650 0 _aSchool libraries
_zUnited States.
655 7 _aElectronic books.
_2local
710 2 _aebrary, Inc.
856 4 0 _uhttp://site.ebrary.com/lib/rucke/Doc?id=10492823
_zAn electronic book accessible through the World Wide Web; click to view
999 _c228121
_d228121